Statistiques concernant Autoroutes Françaises de l'A1 à l'A89

Cliquez ici pour prendre le quiz!

Statistiques générales

  • Ce quiz a été pris 496 fois
    (492 depuis la dernière actualisation)
  • Le résultat moyen est 21 sur 69

Statistiques - réponses

HintOrigineDestination% Correct
A1Paris (porte de la Chapelle)Lille
92%
A7LyonMarseille
77%
A6Paris (Porte d'Italie ou d'Orléans)Lyon
74%
A10Paris (Wissous)Bordeaux
68%
A9OrangeEspagne (Le Perthus)
63%
A8A7 à CoudouxItalie (Menton)
63%
A4Paris (porte de Bercy)Strasbourg
63%
A11Paris (Saint-Arnoult)Nantes
54%
A13Paris (porte d'Auteuil)Caen
52%
A2A1 à ComblesBelgique (St Aybert)
48%
A20VierzonMontauban
43%
A61A9 à NarbonneToulouse
39%
A71A10 à Orléans (Ingré)Clermont-Ferrand
38%
A62ToulouseBordeaux
37%
A89Lyon (La Tour-de-Salvagny)Libourne
37%
A75Clermont-FerrandBéziers
36%
A3Paris (porte de Bagnolet)Roissy
36%
A16Paris (Presles)Belgique (Ghyvelde)
35%
A26TroyesCalais
35%
A63Bordeaux (Pessac)Espagne (Biriatou)
35%
A862e contournement de...Paris
34%
A64ToulouseBayonne
33%
A5Paris (N104 à Lieusaint)Langres
33%
A31BeauneLuxembourg (Zoufftgen)
32%
A25LilleDunkerque
31%
A28AbbevilleTours
31%
A43Lyon (Bron)Italie (Modane)
30%
A15Paris (Gennevilliers)Cergy-Pontoise
29%
A29Saint-QuentinLe Havre
28%
A36A31 à Beaune (Ladoix-Serrigny)Allemagne (Ottmarsheim)
27%
A77A6 à Nemours (Poligny)Nevers
26%
A65A62 à Langon (Auros)Pau
26%
A84Caen (Bretteville-sur-Odon)Rennes
26%
A50MarseilleToulon
26%
A22Lille (Villeneuve d'Ascq)Belgique (Neuville)
24%
A38A6 à Pouilly en AuxoisDijon
24%
A41Grenoble (Meylan)Suisse (St Julien en Genevois)
24%
A68ToulouseAlbi
23%
A39A40 à ViriatDijon
23%
A54Salon-de-ProvenceNîmes
23%
A83Nantes (Vertou)Niort
23%
A85A71 à Vierzon (Theillay)Angers
22%
A40MaconPassy
22%
A35Saint-Louis (Frontière Suisse)Allemagne (Scheibenhard)
21%
A19SensArtenay
21%
A48A43 à CessieuGrenoble
21%
A49A48 à VoreppeRomans sur Isère
21%
A23Lille (Lesquin)Valenciennes
21%
A 51 sudTallard (La Saulce)Marseille
20%
A42A40 à DruillatVilleurbanne
20%
A87Angers (Ecouflant)La Roche sur Yon
19%
A72A89 à Balbigny (Nervieux)Saint-Etienne
19%
A12Triangle de RocquencourtTrappes
19%
A27Lille (Lesquin)Belgique (Camphin)
18%
A34ReimsCharleville-Mezieres
18%
A81La Gravelle (N157)Le Mans
18%
A14Paris (la Défense)Orgeval
18%
A66A61 à VieillevignePamiers
18%
A47A7 à TernaySaint-Chamond
18%
A55MarseilleMartigues
17%
A52Aix-en-Provence (Fuveau)Aubagne
16%
A33Nancy (Laxou)Dombasle-sur-Meurthe
15%
A46A6 à AnseChasse-sur-Rhone
14%
A88A28 à SéesFalaise
14%
A30Uckange (Richemont)Aumetz
12%
A57ToulonLe Luc
12%
A51 nordGrenoble (Claix)Col du Fau
10%
A21LiévinDenain
10%
A82Nantes (Orvault)Sautron
4%

Distribution des résultats

Percentile par nombre de réponses

% des personnes avec chaque résultat

Votre développement - résultats

Vous n’avez pas pris ce quiz depuis la dernière actualisation